Les 20 plus grandes villes de la Haute-Corse sur une carte - Statistiques

Statistiques générales
  • Ce quiz a été pris 42 fois
  • Le résultat moyen est 10 sur 20
Réponses sur la Carte
Les réponses sont colorées sur une échelle allant du rouge au vert en fonction du pourcentage des utilisateurs qui les ont devinées à leur premier essai. Vous pouvez retrouver ces pourcentages ci-dessous.
 
Statistiques - réponses
Population
Initiale
Ville % Correct
46 867 B Bastia
100%
5 788 C Calvi
92%
7 819 C Corte
89%
3 231 (L') Î L'Île-Rousse
84%
6 585 F Furiani
81%
10 311 B Borgo
78%
7 642 B Biguglia
65%
2 267 A Aléria
57%
4 405 G Ghisonaccia
51%
6 923 L Lucciana
51%
3 406 V Vescovato
41%
2 684 C Calenzana
30%
2 065 M Monticello
30%
3 671 P Penta-di-Casinca
30%
2 149 C Cervione
27%
3 215 V Ville-di-Pietrabugno
27%
3 880 P Prunelli-di-Fiumorbo
24%
3 056 S San-Martino-di-Lota
22%
2 062 S San-Nicolao
22%
2 629 V Ventiseri
22%
Aucun quiz correspondant
Distribution des résultats
% des personnes avec chaque résultat
Percentile par nombre de réponses
Votre historique - résultats
Vous n’avez pas pris ce quiz